Ubezpečenie o solidarite a podpore O výsledkoch návštevy palestínskej delegácie v ČSSR

Bibliographic Details
Format: Article
Language:Slovak
Subjects:

MARC

LEADER 00000nab a2200000 a 4500
001 vtls000172271
003 SK-MaSNL
005 20260304052828.0
008 111104c1984 xo 0 slo
015 |a SNBRB19rr/mm-uuuuu 
035 |a CL0182383 
040 |a SNKBUCL  |b slo  |c SNKBUCL  |e AACR2 
041 0 |a slo 
044 |a xo  |c SK 
080 |a 327(437:569.41/.43)  |2 1981 
080 |a 327 (100-19)(569.41/.43)  |2 1981 
245 0 0 |a Ubezpečenie o solidarite a podpore  |b O výsledkoch návštevy palestínskej delegácie v ČSSR 
650 0 7 |a ČSSR  |2 snkbucl  |9 335647 
651 7 |a Palestína  |2 snkbucl  |9 68544 
655 7 |a články z novín a časopisov  |2 snkbucl  |9 267496 
773 0 |t Pravda  |g Roč. 65, č. 36 (11. 2. 1984), s. 2 
850 |a Slovenská národná knižnica v Martine  |a MTA001 
852 |a SNK  |b KIS3GCP 
958 |a RK 
992 |a RBX 
999 |c 2710121  |d 2712051